Cocina light (Registro nro. 9948)
[ vista simple ]
| 000 -CABECERA | |
|---|---|
| campo de control de longitud fija | 00861nam a22003377a 4500 |
| 005 - FECHA Y HORA DE ACTUALIZACIÓN | |
| campo de control | 20171106100609.0 |
| 008 - LONGITUD FIJA | |
| campo de control de longitud fija | 171106b xxu||||| |||| 00| 0 spa d |
| 041 ## - IDIOMA | |
| Código de idioma del texto/pista de sonido o título separado | |
| 082 ## - CLASIFICACIÓN DECIMAL DEWEY | |
| Número de clasificación | 1.4.17 C659c |
| 245 ## - TÍTULO PROPIAMENTE DICHO | |
| Título | Cocina light |
| 260 ## - PIE DE IMPRENTA | |
| Lugar de publicación, distribución, etc. | China |
| 260 ## - PIE DE IMPRENTA | |
| Nombre del editor, distribuidor, etc. | Publications International |
| 260 ## - PIE DE IMPRENTA | |
| Fecha de publicación, distribución, etc. | 2002 |
| 300 ## - DESCRIPCIÓN FÍSICA | |
| Extensión | 544 páginas |
| 650 ## - Materia General | |
| Materia general | RECETAS DE COCINA |
| 650 ## - Materia General | |
| Materia general | COCINA BAJA EN CALORÍAS |
| 650 ## - Materia General | |
| Materia general | ENTREMESES | BEBIDAS |
| 650 ## - Materia General | |
| Materia general | DESAYUNOS |
| 650 ## - Materia General | |
| Materia general | ALMUERZOS |
| 650 ## - Materia General | |
| Materia general | SOPAS |
| 650 ## - Materia General | |
| Materia general | PANES |
| 650 ## - Materia General | |
| Materia general | CARNES |
| 650 ## - Materia General | |
| Materia general | AVES |
| 650 ## - Materia General | |
| Materia general | PESCADO |
| 650 ## - Materia General | |
| Materia general | MARISCOS |
| 650 ## - Materia General | |
| Materia general | ENSALADAS |
| 650 ## - Materia General | |
| Materia general | ADEREZOS |
| 650 ## - Materia General | |
| Materia general | VERDURAS |
| 650 ## - Materia General | |
| Materia general | GUARNICIONES |
| 942 ## - Punto de Acceso Adicional Koha | |
| Tipo de ítem Koha | Libro |
| Estado perdido | Estado dañado | No para préstamo | Biblioteca permanente | Biblioteca actual | Signatura completa | Código de barras | Precio efectivo a partir del | Tipo de ítem |
|---|---|---|---|---|---|---|---|---|
| Departamento de Biblioteca y Documentación Alfonso Chase Brenes | Departamento de Biblioteca y Documentación Alfonso Chase Brenes | 1.4.17 C659c | 13089 | 06/11/2017 | Libro |